000 00612nam a2200229Ia 4500
003 OSt
005 20221006161013.0
006 a|||||r|||| 00| 0
007 ta
008 221006b |||||||| |||| 00| 0 eng d
020 _a9788129115218
024 _a47,090
037 _cTextual
040 _aEASL
_cEASL
_beng
041 _2eng
_aeng
100 _aDWIVEDI Sunita
_9675676
245 0 _aJourney on the silk road
_b In quest of the Buddha
260 _aNew Delhi
_bRupa Publications India
_c2009
300 _a351p.
_ccm.
942 _cTEXL
_2CC
999 _c1115179
_d1115179